00541 2200169 4500245008000000020002200080250001100102100002300113650002900136005001900165260003800184041001400222084001100236300002100247500009400268336000900362 aTB Silalahi b : Bercerita tentang PengalamannyacAtmaji SumarkidijohText a978-979-1056-20-5 aCet. 1 aAtmaji Sumarkidijo aBiografi Tokoh Laki-laki a20240130115023 aJakartabTB SILALAHI CENTERc2008 aIndonesia a920.71 a331 hlm :c23 cm a"Silalahi inilah yang bisa menangkap apa yang sesungguhnya yang ada di dalam pikiran saya atext